Biggest Cities in Bhutan on a Map - Statistics

General Stats
  • This quiz has been taken 190 times
  • The average score is 6 of 20
Answers on the Map
Answers color-coded by a green-red scale on the quiz's map according to % correct below.
 
Answer Stats
Pop City % Correct
115 k Thimphu
99%
11.4 k Paro
59%
6.2 k Punakha
43%
27.6 k Phuentsholing
40%
6.2 k Jakar
39%
4.5 k Mongar
33%
3.0 k Trashigang
33%
9.8 k Gelephu
31%
8.9 k Wangdue Phodrang
31%
3.1 k Trongsa
29%
9.3 k Samdrup Jongkhar
28%
3.4 k Damphu
22%
5.3 k Samtse
22%
3.1 k Sarpang
22%
3.2 k Trashiyangtse
20%
2.8 k Gedu
17%
3.6 k Gomtu
13%
3.2 k Kanglung
13%
5.4 k Nganglam
13%
2.6 k Gyalpozhing
12%
No matching quizzes found
Score Distribution
Percent of People with Each Score
Percentile by Number Answered
Your Score History
You have not taken this quiz